| 000 | 01235nam a2200217Ia 4500 | ||
|---|---|---|---|
| 003 | Ost | ||
| 005 | 20260507075650.0 | ||
| 008 | 260507s9999||||xx |||||||||||||| ||und|| | ||
| 040 | _cfsecg | ||
| 041 | _aara | ||
| 082 | _a330.121 | ||
| 100 |
_aبني هاني، حسين _eمؤلف |
||
| 245 | 0 |
_aحوافز الإستثمار في النظام الإقتصادي الإسلامي : _bمفهومها، أنواعها، أهميتها دراسة مقارنة / _c حسين بني هاني |
|
| 260 |
_aاربد: _bدار الكندي للنشر والتوزيع, _c2004 |
||
| 300 |
_a536 صفحة؛ _bإيضاحات ؛ _c24 سم |
||
| 504 | _aالمراجع ص. 515 | ||
| 520 | _aمقدمة البحث- مفاهيم حوافز الإستثمار- حوافز الإستثمار في الفكر الإقتصادي الوضعي والفكر الإقتصادي الإسلامي- حوافز الاستثمار المباشرة التي انفرد بها الفكر الإقتصادي الإسلامي- حوافز الإستثمار غير المباشرة التي انفرد بها الفكر الإقتصادي الإسلامي. | ||
| 653 | _aالإستثمار | ||
| 653 | _aالإقتصاد الإسلامي | ||
| 942 | _cكتاب | ||
| 999 |
_c45572 _d45572 |
||